=LDR 00000nam 2200000 4500 =001 NUTBA000000000002570 =005 20140620102946.0 =006 =007 =008 =020 ##$$a 979-9409-92-6 =035 ##$$a 0010-061400000000513 =040 ##$$a NBPDMAT =082 ##$$a 746.96 =090 ##$$a 746.96 $b Ari m =100 ##$$a Ariani Fitria =245 ##$$a Mari melipat serbet / $c Ariani Fitria =260 ##$$a Surabaya : $b Insan Cendekia, $c 2008 =300 ##$$a iv, 28 hlm. : $b ilus. ; $c 21 cm. =500 ##$$a Bibliografi : hlm. hlm.28 =650 ##$$a Serbet (seni melipat) =990 ##$$a 21401587